000 00449nam a2200157Ia 4500
008 100122s9999 xx 000 0 und d
082 _b45739
_a294.5924
100 _aSWAMI PRABHUPADA
245 _aSRIMAD BHAGAVATAM FIFTH CANTO-PART 0NE
250 _a0
260 _bTHE BHAKTIVDANTA BOOK TRUST
_c1982
300 _a522
630 _aSRIMAD BHAGAVATAM FIFTH CANTO-PART 0NE
730 _aSRIMAD BHAGAVATAM FIFTH CANTO-PART 0NE
942 _cBOOK
999 _c373835
_d373832